000 00706nam a2200241Ia 4500
003 OSt
005 20220930194312.0
006 a|||||r|||| 00| 0
007 ta
008 220926b |||||||| |||| 00| 0 hin d
024 _a12608
037 _cDissertations
040 _aCRL
_cCRL
_bhin
041 _2hin
_ahin
100 _aSahni Sujata
_9563152
110 _aUniversity of Delhi. Faculty of Arts. Department of Sanskrit
245 0 _aNalava abhilekhan arthika evam rajanitika adhyayan (650-1200 isvi)
260 _c1981
650 _aSANSKRIT
700 _aUniversity of Delhi. Faculty of Arts. Department of Sanskrit
942 _cDIS
_2CC
999 _c897552
_d897552